SD Eibar Squad 2020-2021 - Statistics

General Stats
  • This quiz has been taken 16 times
    14 since last reset
  • The average score is 19 of 27
Answer Stats
# Position Nation Player % Correct
23 DF Spain Anaitz Arbilla
91%
- Coach Spain José Luis Mendilibar
91%
1 GK Serbia Marko Dmitrović
91%
9 FW Spain Sergi Enrich
91%
14 FW Japan Takashi Inui
91%
15 DF Spain José Ángel
82%
17 FW Spain Kike García
82%
8 MF Senegal Pape Diop
82%
4 DF Portugal Paulo Oliveira
82%
13 GK Spain Yoel Rodríguez
82%
19 MF Spain Aleix García
73%
10 MF Spain Edu Expósito
73%
2 DF Argentina Esteban Burgos
73%
3 DF Spain Pedro Bigas
73%
7 FW Spain Quique González
73%
6 MF Spain Sergio Álvarez
73%
12 FW Japan Yoshinori Muto
73%
22 DF Spain Alejandro Pozo
64%
25 FW Spain Bryan Gil
64%
21 FW Spain Pedro León
64%
11 DF Portugal Rafa Soares
64%
19 FW Poland Damian Kadzior
55%
24 DF Portugal Kévin Rodrigues
55%
18 MF Spain Recio
36%
20 DF Spain Roberto Correa
36%
5 DF Spain José Antonio Martínez
27%
16 MF Spain Roberto Olabe
27%
No matching quizzes found
Score Distribution
Percent of People with Each Score
Percentile by Number Answered
Your Score History
You have not taken this quiz since the last reset